Walt Whitman's America: A Cultural Biography / (Record no. 616945)

000 -LEADER
fixed length control field 00411nam a22001457a 4500
020 ## - INTERNATIONAL STANDARD BOOK NUMBER
Qualifying information PB.
040 ## - CATALOGING SOURCE
Transcribing agency FIZZA ISHAQ
082 ## - DEWEY DECIMAL CLASSIFICATION NUMBER
Classification number 811.3
Author Mark REY
100 ## - MAIN ENTRY--PERSONAL NAME
Personal name Reynolds , David S.
9 (RLIN) 134022
245 ## - TITLE STATEMENT
Title Walt Whitman's America: A Cultural Biography /
Statement of responsibility, etc. David S. Reynolds.
250 ## - EDITION STATEMENT
Edition statement illustrated, reprint
260 ## - PUBLICATION, DISTRIBUTION, ETC.
Place of publication, distribution, etc. New York:
Name of publisher, distributor, etc. Vintage,
Date of publication, distribution, etc. 1995.
300 ## - PHYSICAL DESCRIPTION
Extent 671 p. ;
Dimensions 8 x 5.2 x 1.5 inches
942 ## - ADDED ENTRY ELEMENTS (KOHA)
Source of classification or shelving scheme
Koha item type Book
Holdings
Withdrawn status Lost status Source of classification or shelving scheme Damaged status Not for loan Permanent Location Current Location Shelving location Date acquired Total Checkouts Full call number Barcode Date last seen Price effective from Koha item type
          NUST Baluchistan Campus (NBC) NUST Baluchistan Campus (NBC) General Stacks 04/09/2026   811.3 REY QD-574 04/09/2026 04/09/2026 Book
© 2023 Central Library, National University of Sciences and Technology. All Rights Reserved.